000 01832nam a2200229Ii 4500
008 221202s xx 000 0 und d
100 1 _aBroekhuis, Hans,
_eauthor
245 0 _aSyntax of Dutch
264 _bAmsterdam University Press
_c2019
300 _a1 online resource
336 _atext
_btxt
_2rdacontent
337 _acomputer
_bc
_2rdamedia
338 _aonline resource
_bcr
_2rdacarrier
520 _aThe multi-volume work Syntax of Dutch presents a synthesis of current thinking on Dutch syntax. The text of the seven already available volumes was written between 1995 and 2015 and issued in print between 2012 and 2016. The various volumes are primarily concerned with the description of the Dutch language and, only where this is relevant, with linguistic theory. They will be an indispensable resource for researchers and advanced students of languages and linguistics interested in the Dutch language. This volume is the final one of the series and addresses issues relating to coordination. It contains three chapters. Chapter 1 discusses the syntactic and semantic properties of coordinate structures and their constituting elements, that is, the coordinators and the coordinands they link. Chapter 2 discusses the types of ellipsis known as conjunction reduction and gapping found in coordinate structures. Chapter 3 discusses elements seemingly exhibiting coordination-like properties, such as 'dan' (than) in comparative constructions like 'Jan is groter dan zij' ( Jan is taller than she).
653 _aCoordination
653 _aDutch
653 _aEllipsis
653 _aSyntax
700 1 _aCorver, Norbert
856 _uhttps://docs.google.com/spreadsheets/d/1yKIrdCPDAG_9c22mwoOIO2DOhtj65Wqa/edit?usp=sharing&ouid=106555315294820607512&rtpof=true&sd=true
_yList of Curated E-Books
942 _cE-BOOK
999 _c96898
_d96895